Couleurs principales des écus (héraldique) - Statistiques

Statistiques générales
  • Ce quiz a été pris 86 fois
  • Le résultat moyen est 5 sur 7
Statistiques - réponses
Couleurs Couleurs héraldiques % Correct
Jaune Or
92%
Blanc Argent
86%
Bleu Azur
84%
Noir Sable
84%
Rouge Gueules
73%
Vert Sinople
64%
Violet Pourpre
56%
Aucun quiz correspondant
Distribution des résultats
% des personnes avec chaque résultat
Percentile par nombre de réponses
Votre historique - résultats
Vous n’avez pas pris ce quiz